Pau - Choix Multiples - Statistiques

Statistiques générales
  • Ce quiz a été pris 158 fois
  • Le résultat moyen est 8 sur 10
Statistiques - réponses
Question Réponse % Correct
Quelle personnalité politique, maire de Pau de 2014 à 2026, a été Premier ministre sous le gouvernement d'Emmanuel Macron ? François Bayrou
98%
La rivière traversant Pau se nomme Le ..... de Pau Gave
94%
De quelle région culturelle et ancienne Principauté Pau était-elle la capitale ? Le Béarn
94%
Par quel moyen de transport peu conventionnel peut-on accéder à la ville depuis la gare principale ? Un Funiculaire
87%
Quelle commune frontalière de Pau porte le nom d'un vin blanc d'appellation d'origine contrôlée produit dans cette région ? Jurançon
86%
Laquelle de ces photos représente la ville de Pau ?
83%
Comment se nomme le palais des congrès également centre d'expositions situé au coeur d'un parc du même nom ? Palais Beaumont
77%
Que signifie "UPPA", acronyme de l'université de Pau ? Université de Pau et des Pays de l'Adour
77%
Comment se nomme le réseau de Transports de l'agglomération de Pau ? Idelis
76%
Quel titre acquit Jean-Baptiste Bernadotte, natif de Pau dont la maison natale est depuis devenu l'un des principaux musées de la ville ? Les 3 réponses ci-dessus
36%
Aucun quiz correspondant
Distribution des résultats
% des personnes avec chaque résultat
Percentile par nombre de réponses
Votre historique - résultats
Vous n’avez pas pris ce quiz